| 000 | 01183nam a2200205Ia 4500 | ||
|---|---|---|---|
| 003 | Ost | ||
| 005 | 20260416102400.0 | ||
| 008 | 260416s9999||||xx |||||||||||||| ||und|| | ||
| 040 | _cfsecg | ||
| 041 | _aara | ||
| 082 | _a310 | ||
| 100 |
_aمحمدي، صبيحة _eمؤلف |
||
| 245 | 0 |
_aمحاضرات في الإحصاء 1 : _bمطبوعة موجهة لطلبة السنة الأولى LMD جذع مشترك العلوم الاقتصادية و العلوم التجارية و علوم التسيير / _cصبيحة محمدي |
|
| 260 |
_aالجزائر _bجامعة الجزائر3: كلية العلوم الإقتصادية، العلوم التجارية وعلوم التسيير _c2022 |
||
| 300 |
_a122 ورقة _bايضاحات _c12 سم |
||
| 520 | _aالاحصاء و مفاهيمه العامة ،جمع و عرض البيانات الاحصائية ، مقاييس النزعة المركزية، مقاييس التشتت، مقاييس الشكل. | ||
| 653 | _aالاحصاء | ||
| 710 |
_aجامعة الجزائر3: كلية العلوم الإقتصادية، العلوم التجارية وعلوم التسيير _eناشر علمي |
||
| 942 | _cHANDOUT | ||
| 999 |
_c41368 _d41368 |
||